000 00932nam a22002537a 4500
005 20240621165733.0
008 220906b ii ||||| |||| 00| 0 urd d
020 _cRs.107
_qhb
_a9789392496974
040 _aNLI
_burd
_cUrdu Division
041 0 _aurd
044 _aii
082 0 4 _223rd ed.
_aU 891.4393
_bY 223 la
100 1 _6880-01
_aیاسمین اختر-Yasmine Akhter
_qیاسمین اختر-Yasmine Akhter
_9987647
245 1 0 _6880-02
_aلمحے : افسانچے کا مجموعہ-Lamhae : Afsanchaon ka majmuaa
_cیاسمین اختر-Yasmine Akhter
260 _aNew Delhi
_bEducationalPublishing House
_c2021
300 _a160p;
_c22cm.
650 0 _2Urdu Fiction
_aLamhae : Afsanchaon ka majmuaa
_vDomestic Fiction
_91531178
700 1 _6880-03
852 _aBB
880 1 _6100-01
_aYasmine Akhter
880 1 _6245-02
_aLamhae : Afsanchaon ka majmuaa
_bUrdu Fiction
887 _aShagufta
942 _2ddc
_cBKS
999 _c1551917
_d1551917